header

Going Batty (Record no. 262465)

MARC details
000 -LEADER
fixed length control field 00227nam a22001097a 4500
020 ## - INTERNATIONAL STANDARD BOOK NUMBER
ISBN 9780545130479
100 ## - MAIN ENTRY--AUTHOR NAME
Personal name Abby Klein
245 ## - TITLE STATEMENT
Title Going Batty
260 ## - PUBLICATION, DISTRIBUTION, ETC. (IMPRINT)
Place of publication New York
Name of publisher Scholastic
Year of publication 2010
300 ## - PHYSICAL DESCRIPTION
Number of Pages 95 pgs
942 ## - ADDED ENTRY ELEMENTS (KOHA)
Koha item type Long Loan Books
Holdings
Withdrawn status Lost status Collection code Home library Current library Shelving location Date acquired Accession Number Koha item type
    Fiction Rongo University Library Rongo University Library Children's Area 18/01/2024 CL2021083 Long Loan Books

© 2026 Rongo University
Contact us: librarian | system librarian | Rongo university